00938nam a22002537a 450000500170000000800410001702000150005804000070007304100120008008200230009210000320011524500990014726000420024630000330028844000440032165000350036565000360040070000340043670000340047070000290050494200120053399900190054595201200056420230619114816.0230619b ||||| |||| 00| 0 eng d a817824103x cAL aEnglish 223a954.0358bBOSN aSubhas Chandra Bose9124280 aNetaji Collected Works Congress President: Speeches Articles and Letters January 1938 May 1939 aKolkatabNetaji Research Bureauc1995 axxvi,306 p.bPBc21.5x14 cm. aNetaji Collected Works Volume 99124281 aNetaji Collected Works9124282 aPolitics and government9124283 aBOSE (Subhas Chandra)9124284 aBOSE (Sisir Kumar) Ed9124285 aBOSE (Sugata) Ed9124286 2ddccDB c227575d227575 00102ddc40738HISaALbALcRSd2023-06-16l0o954.0358 BOSNpD05851r2023-06-19 00:00:00v275.00w2023-06-19yDB